HGGSP : Environnement - Statistiques

Statistiques générales
  • Ce quiz a été pris 2 695 fois
  • Le résultat moyen est 19 sur 65
Statistiques - réponses
Question Réponse % Correct
Quelle réunion annuelle permet aux États d'échanger sur le climat ? La COP
84%
Aujourd'hui, la conception de l'environnement repose-t-elle sur la domination de la nature par l'Homme ou par ses interactions ? Interaction
73%
Quel ministre de Louis XIV rédige des ordonnances permettant une gestion plus rationnelle des forêts ? Colbert
70%
Quel est le combustible au coeur de cette première révolution ? Charbon
69%
Quel terme désigne la nouvelle période géologique qu'auraient provoquée les activités humaines ? Anthropocène
65%
Quel gaz est alors massivement rejeté dans l’atmosphère ? Dioxyde de carbone
65%
Quel président américain quitte les accords de Paris ? Trump
64%
Quel président américain réintègre son pays dans les accords de Paris ? Biden
62%
Quel président français a affiché l'ambition de planter 1 milliard d'arbres d'ici 2032 ? Macron
60%
Quel hydrocarbure est alors au coeur de cette révolution ? Pétrole
59%
En quelle année est rédigée cette ordonnance ? 1669
56%
Quelle COP a lieu à Paris en 2015 ? COP21
56%
Quelle forêt du sud de la France symbolise la politique de conservation forestière ? (Forêt des ...) forêt des Landes
54%
Quelle militante suédoise incarne la lutte contre le dérèglement climatique ? Greta Thunberg
54%
Quelle "Révolution" des moyens de production voit le jour au XVIIIe siècle ? Révolution industrielle
52%
Quel organisme spécialiste sur le climat est créé en 1988 ? (un sigle attendu) GIEC
50%
Quelle ville accueille un sommet de la Terre en 1992 ? Rio
50%
Quel concept anglo-saxon désigne "l'état sauvage", c'est-à-dire le rapport spirituel des américains à la nature ? Wilderness
46%
Où se situe ce premier parc national ? Yellowstone
43%
Quand l'ONG greenpeace est-elle fondée 1971
42%
Quelle "révolution" agricole, puis sociale, a eu lieu il y a environ 12 000 ans ? Révolution néolithique
42%
Ce quiz était-il trop long ? Oui
41%
Quand le premier parc national est-il créé ? 1872
38%
à l'inverse, comment nomme-t-on la période climatique froide localisée sur l'Atlantique nord entre le XIVe et le XIXe siècle ? Petit âge glaciaire
36%
Où a lieu le premier sommet de la Terre en 1972 ? Stockholm
36%
Quel état américain est moteur dans la lutte contre le changement climatique ? Californie
32%
Quel "protocole", entré en vigueur en 2005, est décidé lors de la COP3 de 1997 ? Protocole de Kyoto
31%
Quel parti politique est souvent opposé aux politiques environnementales ? Républicain
31%
Quel animal symbolise la disparition des amérindiens au XIXe siècle ? Bison
30%
Quel siècle voit l'apparition d'une seconde révolution ? XIXe
24%
Quel pourcentage du territoire métropolitain est couvert de forêt ? 31
23%
Quel écrivain, fondateur du Sierra Club en 1892, pense la préservation ? John Muir
23%
Comment qualifie-t-on les nouvelles sociétés qui s'adaptent à ce nouveau système de production ? Sédentaire
23%
Quel phénomène météorologique, conséquence des ces révolutions, a provoqué la mort de milliers de personnes à Londres en 1954 ? Smog
21%
Quel président américain symbolise ce lien à la nature par ses échanges avec les deux précédentes personnes ? Roosevelt
20%
Quel pourcentage des forêts françaises appartient à propriétaires forestiers privés ? 75
17%
Quel historien du climat est spécialiste de cette étude du climat depuis l'an mille ? Le Roy Ladurie
17%
Quel président considère que le "mode de vie américain n'est pas négociable" ? Bush
16%
Quel état s'oppose à l'arrêt progressive du charbon lors de la COP28 ? Inde
15%
Comment nomme-t-on l'épisode de réchauffement climatique entre le Xe et le XIIe siècle ? Optimum climatique médiéval
14%
Qui est le premier ministre de l'environnement français ? Poujade
13%
Quel ancêtre de la vache est par exemple domestiqué à cette période ? Auroch
11%
Quel autre terme, se différenciant par une critique du modèle économique et non de l'homme dans son ensemble, est également utilisé pour désigner cette période ? Capitalocène
11%
Quel penseur, élève d'Emerson, a notamment réfléchi sur ce concept ? Thoreau
11%
En quelle année a lieu le premier jour de la Terre ? 1970
10%
Quelle agence fédérale est créée en 1970 pour "protéger la santé humaine" ? (Sigle attendu) EPA
10%
Quelle figure pionnière de l'écologie a écrit Silent Spring ? Carson
9%
Que signifie ce sigle ? Groupe d'experts intergouvernemental sur l'évolution du climat
9%
Quel homme politique, ancien vice-président de Clinton, donne sa voix à Une vérité qui dérange en 2006 ? Al Gore
8%
Cette "diplomatie verte" permettra d’accroître quelle composante de la puissance américaine ? Soft Power
8%
Quand la ruée vers l'or commence-t-elle ? 1848
7%
Quel homme politique pense la conservation aux USA ? Pinchot
7%
Quand le National Forrest service, symbole de la conservation, est-il créé ? 1905
6%
Combien dénombre-t-on de parc national ? (En excluant les territoires ultramarins). 61
6%
Quel volcan de l'archipel indonésien explose en 1883 ? Krakatoa
6%
Quel astronome serbe a théorisé les cycles climatiques naturels ? Milankovic
6%
Comment appelle-t-on la destruction des espaces boisées à l'époque médiévale ? grands défrichements
5%
Quel état américain a été au coeur d'une contestation amérindienne au sujet d'un Pipeline ? Dakota du Nord
3%
Quelle idée écologiste porte notamment Alexandria Ocasio-Cortez ? Green New Deal
3%
Quelle tribu amérindienne symbolise-t-elle ce mouvement ? Sioux
3%
Quelle ville symbolise la modernisation de l'économie américaine ? Pittsburgh
2%
Quelle somme arrondie les USA se sont-ils engagés à donner aux états émergents pour lutter contre le dérèglement climatique ? six milliards
2%
Quand l'arctic National Wildlife Refuge est-il créé ? 1960
1%
Quel entrepreneur, investisseur dans le Pipeline, a payé une partie de la campagne de Donald Trump ? Warren
1%
Quel sénateur démocrate s'oppose à cette politique ? Joe Manchin
0%
Aucun quiz correspondant
Distribution des résultats
% des personnes avec chaque résultat
Percentile par nombre de réponses
Votre historique - résultats
Vous n’avez pas pris ce quiz